| Поле | Инд. | ПП | Название | Значение |
|---|---|---|---|---|
| Тип записи | a | |||
| Библиографический уровень | b | |||
| 001 | Контрольный номер | b6298f1b91764258974af866ce50e875 | ||
| 005 | Дата корректировки | 20221122160407.0 | ||
| 024 | 80 | a | Стандартный номер | 10.31857/S0023476122010106 |
| 040 | a | Служба первич. каталог. | РИНЦ | |
| b | Код языка каталог. | rus | ||
| 041 | 0_ | a | Код языка текста | rus |
| 097 | a | Садовникова Л.В. | ||
| 100 | 1_ | a | Автор | Васин Р. Н. |
| c | Титул (звания) | кандидат технических наук; доцент (должность) | ||
| k | Кафедра нанотехнологий и новых материалов; Факультет естественных и инженерных наук | |||
| q | Полное имя | Васин Роман Николаевич | ||
| 245 | 10 | a | Заглавие | Количественный текстурный анализ: особенности реализации на нейтронном дифрактометре скат и применение в материаловедении и науках о Земле |
| 773 | 18 | t | Название источника | Кристаллография |
| b | Сведения об издании | Федеральное государственное унитарное предприятие "Академический научно-издательский, производственно-полиграфический и книгораспространительский центр "Наука" | ||
| c | Москва | |||
| d | Место и дата издания | 2022 | ||
| m | Специф. данные | входит в ядро РИНЦ; журнал из перечня ВАК; ненулевой импакт-фактор; | ||
| n | Примечание | Переводная версия: Crystallography Reports; Soviet Physics. Crystallography | ||
| o | Прочие индексы | РИНЦ 1,304 | ||
| x | ISSN | 0023-4761 | ||
| g | Прочая информация | Т. 67. - № 1. - С. 72 - 89 | ||
| w | Контрольный № источника | 92271ba329484a60addacde41919d1eb | ||
| 856 | 40 | u | URL | https://www.elibrary.ru/item.asp?id=47371248 |
| 901 | t | Тип документа | b | |
| 952 | c | Вид литературы | статья в журнале |